[Event "Autumn Cup G Grade"]
[Site "Wellington Chess Club"]
[Date "2019.06.06"]
[Round "4"]
[White "Osborne, Geoff"]
[Black "Cooke, Xandi"]
[Result "0-1"]
[WhiteElo "1372"]
[BlackElo "1387"]

1. e4 c5 2. c3 d6 3. d4 cxd4 4. cxd4 Nf6 5. Nc3 g6 6. Bc4 Bg7 7. Nf3 O-O 8. O-O
Nc6 9. Be3 Nxe4 10. Rc1 Nxc3 11. bxc3 Bf5 12. Qd2 Qa5 13. Bh6 Be4 14. Bxg7 Kxg7
15. Qf4 Bd5 16. Bb3 Bxb3 17. axb3 Qb5 18. Rb1 Qd3 19. c4 b5 20. d5 Nb4 21. Nd2
a5 22. Rfd1 Qf5 23. Qe3 Qe5 24. Qxe5+ dxe5 25. Re1 f6 26. cxb5 Rab8 27. Rbc1
Rxb5 28. Rc7 Rf7 29. Rec1 Rxd5 30. Nc4 f5 31. Ra7 Nc6 32. Ra6 Rf6 33. Ra8 Rf8
34. Ra6 {White lost on time} 0-1

[Event "Autumn Cup G Grade"]
[Site "Wellington Chess Club"]
[Date "2019.06.06"]
[Round "4"]
[White "Stannard, Bobby"]
[Black "Cameron, Will"]
[Result "1-0"]
[WhiteElo "1403"]
[BlackElo "1300"]

1. e4 e5 2. Nf3 Nc6 3. d4 exd4 4. Nxd4 Bc5 5. Nxc6 dxc6 6. Qxd8+ Kxd8 7. Bc4
Ke7 8. O-O Nf6 9. e5 Nd5 10. Bg5+ Ke6 11. Re1 Bd4 12. c3 Bxe5 13. f4 f6 14. Bh4
g5 15. fxg5 f5 16. Bg3 f4 17. Bxf4 Kf5 18. Bxe5 1-0

[Event "Autumn Cup G Grade"]
[Site "Wellington Chess Club"]
[Date "2019.06.06"]
[Round "4"]
[White "Van der Hoorn, Thomas"]
[Black "Sharma, Vaibhav"]
[Result "1/2-1/2"]
[WhiteElo "1000"]
[BlackElo "1200"]

1. e4 c5 2. Nf3 d6 3. d4 cxd4 4. Nxd4 Nf6 5. Nc3 g6 6. Bg5 Bg7 7. Qd2 a6 8.
O-O-O b5 9. Re1 Bb7 10. Bd3 Nbd7 11. Bh6 O-O 12. h4 b4 13. Nd1 e5 14. Nb3 a5
15. Bxg7 Kxg7 16. Qe2 a4 17. Nd2 Qc7 18. Kb1 b3 19. a3 bxc2+ 20. Bxc2 Rfc8 21.
Nf1 Nc5 22. Nc3 Ba6 23. Qd2 Qb6 24. Bxa4 Nxa4 25. Nxa4 Qb3 26. Nc3 Bxf1 27.
Rhxf1 Rxa3 28. Re3 Nxe4 29. Rxe4 Rxc3 30. Qxc3 Qa2+ 31. Kc2 Rxc3+ 32. Kxc3 Qa5+
33. Kc2 Qc5+ 34. Kb1 f5 35. Ree1 e4 36. Rc1 Qe5 37. f4 exf3 38. Rxf3 Qe4+ 39.
Ka2 Qxh4 40. Rc7+ Kf6 41. Rh3 Qa4+ 42. Kb1 Qe4+ 43. Ka2 h5 44. Rf3 Qa8+ 45. Kb1
Qd8 46. Rcc3 g5 47. Rfd3 d5 48. Rd1 d4 49. Rcd3 Ke5 50. Re1+ Kd5 51. Rxd4+ Kxd4
52. Rd1+ Ke3 53. Rxd8 Kf2 54. Rg8 g4 55. Rh8 Kxg2 56. Rxh5 f4 57. b4 f3 58. b5
f2 59. Rf5 1/2-1/2

[Event "Autumn Cup G Grade"]
[Site "Wellington Chess Club"]
[Date "2019.06.06"]
[Round "4"]
[White "Webster, Jamie"]
[Black "Stannard, Lars"]
[Result "1-0"]
[WhiteElo "1200"]
[BlackElo "1396"]

1. e4 e5 2. Nf3 Nc6 3. Bb5 Nf6 4. O-O a6 5. Ba4 b5 6. Bb3 h6 7. Re1 Bc5 8. c3
O-O 9. a4 Bb7 10. d4 exd4 11. cxd4 Bb4 12. Bd2 d6 13. d5 Bxd2 14. dxc6 Bxe1 15.
cxb7 Bxf2+ 16. Kxf2 Rb8 17. Bc2 Rxb7 18. Nc3 Ng4+ 19. Kg1 b4 20. Ne2 Ne3 21.
Qd3 Nxc2 22. Qxc2 b3 23. Qd3 a5 24. Ned4 Qf6 25. Rf1 c5 26. Nxb3 Qxb2 27. Nxa5
Rd7 28. Nc4 Qb8 29. Nfe5 Rb7 30. Nxd6 Rb3 31. Qd5 Rd8 32. Nexf7 Rf8 33. Ng5+
Kh8 34. Ndf7+ Rxf7 35. Nxf7+ Kh7 36. Qf5+ Kg8 37. Qd5 Kh7 38. e5 c4 39. e6 c3
40. e7 c2 41. Qe4+ 1-0

[Event "Autumn Cup G Grade"]
[Site "Wellington Chess Club"]
[Date "2019.06.13"]
[Round "5"]
[White "Ross, Matt"]
[Black "Carroll, Lewis"]
[Result "1-0"]
[WhiteElo "1400"]
[BlackElo "1404"]

1. e4 e5 2. Nf3 Nc6 3. Bc4 Nf6 4. Ng5 d5 5. exd5 b5 6. dxc6 bxc4 7. Qe2 Qd5 8.
O-O h6 9. Nc3 Bg4 10. Qxg4 Nxg4 11. Nxd5 hxg5 12. Nxc7+ Kd8 13. Nxa8 Nxh2 14.
Re1 Bd6 15. Re4 f5 16. Rxc4 f4 17. d4 e4 18. d5 f3 19. Bxg5+ Kc8 20. c7 fxg2
21. Rxe4 Nf3+ 22. Kxg2 Nxg5 23. Ree1 Kb7 24. Rh1 Rf8 25. f4 Ne4 26. Rae1 Rxf4
27. Rxe4 Rxe4 28. Rh8 Re2+ 29. Kf3 Rxc2 30. Rb8+ 1-0

[Event "Autumn Cup G Grade"]
[Site "Wellington Chess Club"]
[Date "2019.06.13"]
[Round "5"]
[White "Sharma, Vaibhav"]
[Black "Webster, Jamie"]
[Result "1-0"]
[WhiteElo "1200"]
[BlackElo "1200"]

1. e4 c5 2. Nf3 d6 3. d4 cxd4 4. Nxd4 Nf6 5. Nc3 a6 6. Be3 e5 7. Nf3 Be7 8. h3
Be6 9. Ng5 Qd7 10. f4 exf4 11. Bxf4 Nc6 12. Qd2 h6 13. Nxe6 Qxe6 14. O-O-O Nxe4
15. Nxe4 Qxe4 16. Bd3 Qxf4 17. Qxf4 Bg5 18. Qxg5 hxg5 19. Rhe1+ Kd7 20. Bf5+
Kc7 21. Rd3 Ne5 22. Rc3+ Kb6 23. Rd1 Rad8 24. Rd4 Rh4 25. g4 Nc6 26. Rdd3 Ne5
27. Rb3+ Ka7 28. Rdc3 Kb8 29. Rb6 g6 30. Be4 d5 31. Bg2 Nc4 32. Rf6 Rd7 33. b3
Ne5 34. Re3 Nc6 35. c3 Rh8 36. a4 Rhd8 37. b4 Na7 38. Bf1 Rc7 39. Kb2 d4 40.
cxd4 Rxd4 41. b5 axb5 42. axb5 Rb4+ 43. Ka3 Rb1 44. b6 Rc3+ 45. Rxc3 Nb5+ 46.
Bxb5 Rxb5 1-0

[Event "Autumn Cup G Grade"]
[Site "Wellington Chess Club"]
[Date "2019.06.13"]
[Round "5"]
[White "Stannard, Bobby"]
[Black "Van der Hoorn, Thomas"]
[Result "1/2-1/2"]
[WhiteElo "1403"]
[BlackElo "1000"]

1. e4 e5 2. Nf3 Nc6 3. d4 exd4 4. Nxd4 Bc5 5. Nf3 Nf6 6. Nc3 O-O 7. Bg5 h6 8.
Bh4 Re8 9. Bd3 d6 10. h3 Ne5 11. O-O Nxd3 12. cxd3 Be6 13. Re1 c6 14. a3 a5 15.
Rb1 Qe7 16. b4 Bb6 17. d4 g5 18. Bg3 Qd7 19. d5 cxd5 20. exd5 Bf5 21. Rxe8+
Rxe8 22. Rc1 axb4 23. axb4 Ne4 24. Nxe4 Bxe4 25. Nd4 Bxd5 26. Nf3 Bxf3 27. Qxf3
d5 28. Qf6 Qe6 29. Qf3 Qe4 30. Qf6 Qxb4 31. Qxh6 Re1+ 32. Rxe1 Qxe1+ 33. Kh2
Bxf2 34. Qxg5+ Kf8 35. Qd8+ Kg7 36. Qg5+ Kf8 37. Bd6+ Ke8 38. Qe5+ Qxe5+ 39.
Bxe5 d4 40. Bf4 Ke7 41. g4 Be1 42. Kg1 d3 43. Kf1 d2 44. Ke2 Kf6 45. h4 Kg6 46.
h5+ Kg7 47. g5 b5 48. Kd1 b4 49. Bxd2 Bxd2 50. Kxd2 f5 1/2-1/2

[Event "Autumn Cup G Grade"]
[Site "Wellington Chess Club"]
[Date "2019.06.13"]
[Round "5"]
[White "Theodosiou, Andreas"]
[Black "Osborne, Geoff"]
[Result "0-1"]
[WhiteElo "1358"]
[BlackElo "1372"]

1. e4 e5 2. Nf3 Nc6 3. d4 exd4 4. Nxd4 Nf6 5. Bg5 Be7 6. Nc3 O-O 7. Bxf6 Bxf6
8. Nf3 d6 9. Bc4 Ne5 10. Bb3 Bg4 11. Qe2 Nxf3+ 12. gxf3 Bxc3+ 13. bxc3 Bh5 14.
Qe3 Qf6 15. f4 Rfe8 16. f3 b5 17. Bd5 Rab8 18. Kd2 b4 19. cxb4 Rxb4 20. c3 Rb2+
21. Kd3 Bxf3 22. Qxf3 Reb8 23. Bb3 c5 24. Bc2 d5 25. Kd2 dxe4 26. Qxe4 Qd8+ 27.
Kc1 Qh4 28. Re1 f5 29. Qxf5 Qxe1+ 30. Bd1 Qxc3+ 0-1

[Event "Autumn Cup"]
[Site "Wellington Chess Club"]
[Date "2019.06.13"]
[Round "5"]
[White "Cooke, Xandi"]
[Black "Dunlop, Rafe"]
[Result "1-0"]
[WhiteElo "1387"]
[BlackElo "1164"]

1. d4 d5 2. Nc3 Nc6 3. Nf3 Bf5 4. Bf4 Nb4 5. Rc1 e6 6. a3 Nc6 7. e3 Bd6 8. Bxd6
cxd6 9. Bd3 Bg4 {What I didn't realise at the time was that this bishop would
be very annoying} 10. O-O Nf6 11. h3 {Trying my best to kick away bishop} 11...
Bh5 12. Qe2 e5 13. Bb5 {Here I was too focused on the D4 pawn than I forgot
abouut the F3 Kngith} 13... e4 14. g4 {Trying to salvige somethingAdd
comment...} 14... exf3 15. Qxf3 Bg6 16. h4 h5 17. g5 Be4 {Instead I think
moving the knight away would've been more effective} 18. Qf4 Nh7 19. Bxc6+ bxc6
20. Nxe4 dxe4 21. Qxe4+ Kd7 22. Qf5+ Ke8 23. Qe4+ Kf8 24. Qxc6 {Yay got some
pawns back} 24... Rb8 25. Qf3 g6 26. b4 f6 27. e4 Kg7 28. gxf6+ Qxf6 29. Qxf6+
Kxf6 30. e5+ {I decided sacrificing the pawn would help me open up my rooks
better} 30... dxe5 31. dxe5+ Kxe5 32. Rfe1+ Kf4 33. Kg2 Rbe8 34. Kh3 g5 35.
Rcd1 gxh4 36. Kxh4 Rxe1 37. Rxe1 Ng5 38. Re7 Nf3+ 39. Kh3 a6 40. c4 Nd4 41. Ra7
Rh6 42. a4 Rc6 43. b5 {Black could of still stopped these pawns however they
will continue to advance} 43... axb5 44. cxb5 Rb6 45. Rc7 Ne6 46. Rc6 Rxc6 47.
bxc6 Nc7 {I nearly made a mistake by moving the A pawn foward but luckily I
spotted that knights sneaky tricks} 48. Kh4 Kf3 49. Kxh5 Kxf2 {Racing Kings}
50. Kg5 Ke3 51. Kf6 Kd4 52. Ke7 Kc5 53. Kd7 {Here in my mind I was saying,\"Oh
No, NA6.\"} 53... Kb6 54. a5+ Kxa5 55. Kxc7 Ka6 56. Kd7 {Black Then Resigned
after a good game} 1-0

[Event "Autumn Cup"]
[Site "Wellington Chess Club"]
[Date "2019.06.13"]
[Round "5"]
[White "Stannard, Lars"]
[Black "Ackroyd, William"]
[Result "1-0"]
[WhiteElo "1396"]
[BlackElo "1329"]

1. d4 Nf6 2. Bf4 g6 3. Nf3 Bg7 4. e3 c5 5. c3 b6 6. Bd3 Bb7 7. O-O O-O 8. Nbd2
d6 9. Qc2 Nbd7 10. e4 Nh5 11. Be3 e5 12. d5 h6 13. a4 g5 14. g3 Qf6 15. Be2 Nf4
16. Bb5 Nh3+ 17. Kg2 1-0

[Event "Autumn Cup E grade"]
[Site "Wellington Chess Club"]
[Date "2019.06.27"]
[Round "5"]
[White "Brockway, Andrew"]
[Black "He, Caleb"]
[Result "0-1"]
[WhiteElo "1845"]
[BlackElo "1799"]

1. e4 c5 2. Nc3 g6 3. f4 Bg7 4. Nf3 Nc6 5. Bb5 Nd4 6. Bc4 e6 7. O-O Ne7 8. d3
O-O 9. Nxd4 cxd4 10. Ne2 d5 11. exd5 Nxd5 12. Bxd5 Qxd5 13. Ng3 b6 14. Qf3 Qxf3
15. Rxf3 Bb7 16. Rf2 Rac8 17. b3 Rc7 18. Bb2 Rfc8 19. Rc1 Ba6 20. Rd2 e5 21.
Ne2 Bh6 22. g3 f5 23. Ba3 Rc6 24. Be7 Kf7 25. Bg5 Bxg5 26. fxg5 b5 27. b4 Bb7
28. Kf2 R6c7 29. Ng1 Bd5 30. Nf3 Bxf3 31. Kxf3 Rc3 32. Ke2 Ra3 33. c4 dxc3 34.
Rdc2 Ra4 35. Rb1 Ra6 36. Rd1 Rd6 37. Ke3 Ke6 38. Rdc1 Rdc6 39. Rd1 Kd5 40. Rdc1
e4 41. dxe4+ fxe4 42. Rd1+ Ke5 43. Rd4 Rc4 44. Rxc4 Rxc4 45. a3 Kf5 46. h4 Kg4
47. Kf2 a6 48. Kg2 e3 49. Rc1 c2 50. Kf1 Kf3 51. Ke1 e2 52. g4 Rd4 0-1

[Event "Autumn Cup F grade"]
[Site "Wellington Chess Club"]
[Date "2019.06.27"]
[Round "3"]
[White "Hurndell, Robert"]
[Black "Stracy, Don"]
[Result "1/2-1/2"]
[WhiteElo "1545"]
[BlackElo "1664"]

1. e4 c5 2. Nf3 e6 3. d4 cxd4 4. Nxd4 Nf6 5. Nc3 Nc6 6. a3 Be7 7. Be2 O-O 8.
O-O d5 9. exd5 Nxd5 10. Nxd5 exd5 11. Bf4 Nxd4 12. Qxd4 Bf6 13. Be5 Bxe5 14.
Qxe5 Re8 15. Qh5 g6 16. Qf3 Be6 17. b4 Rc8 18. Bd3 Qc7 19. h4 Qc3 20. h5 Qg7
21. hxg6 fxg6 22. Qg3 Red8 23. Qe3 Bf5 24. Bxf5 gxf5 25. Qe6+ Qf7 26. Qxf7+
Kxf7 27. Rac1 Rc3 28. a4 Rdc8 29. Rfd1 Ke6 30. Rd2 R8c4 31. Rcd1 Rxc2 32. Rxd5
Rxb4 33. Rd6+ Ke5 34. R1d5+ Kf4 35. Rf6 Rc6 36. Rfxf5+ Ke4 37. Rfe5+ Kf4 38.
Rf5+ Ke4 39. Rfe5+ 1/2-1/2

[Event "Club Rapid"]
[Site "Wellington Chess Club"]
[Date "2019.06.27"]
[Round "1"]
[White "Mullan, Brett"]
[Black "Ackroyd, William"]
[Result "0-1"]
[WhiteElo "1742"]
[BlackElo "1000"]

1. e4 c5 2. Nf3 d6 3. d4 cxd4 4. Nxd4 Nf6 5. Nc3 a6 6. Be2 e5 7. Nb3 Be6 8. O-O
Be7 9. Be3 O-O 10. f4 Nc6 11. f5 Bxb3 12. axb3 Nb4 13. Bf3 g6 14. Na4 d5 15.
exd5 Nbxd5 16. Bh6 Re8 17. c4 e4 18. Be2 Nc7 19. Nb6 Bc5+ 20. Kh1 Bxb6 21. b4
Qe7 22. fxg6 fxg6 23. Bg5 Rf8 24. c5 Ba7 25. Qb3+ Kg7 26. Qh3 h5 27. Rad1 Ne6
28. Be3 Rad8 29. Bc4 Rxd1 30. Rxd1 Rd8 31. Rxd8 Nxd8 32. Bg5 Nf7 33. Bxf7 Qxf7
34. Qc3 Bb8 35. g3 Qe6 36. Qe3 Qh3 37. Qf2 Ng4 38. Qd4+ Ne5 39. Qd1 Nd3 40. Qg1
Be5 41. Qg2 Qxg2+ 42. Kxg2 Bf6 43. Bd2 Bxb2 44. Kf1 Kf6 45. Ke2 Ke5 46. Ke3
Bd4+ 47. Ke2 Nxc5 48. bxc5 Bxc5 49. Kd1 Kd4 50. Ke2 b5 51. Be3+ Kc4 52. Bd2 b4
0-1

[Event "Club Rapid"]
[Site "Wellington Chess Club"]
[Date "2019.06.27"]
[Round "1"]
[White "Paley, Yonah"]
[Black "Dunlop, Rafe"]
[Result "1-0"]
[WhiteElo "1000"]
[BlackElo "1000"]

1. e4 e5 2. Nf3 Nc6 3. Bb5 a6 4. Ba4 Nf6 5. d3 d6 6. O-O Bg4 7. Nbd2 Be7 8.
Bxc6+ bxc6 9. b3 d5 10. Re1 Bd6 11. c4 O-O 12. Qc2 Qe7 13. a3 d4 14. b4 c5 15.
bxc5 Bxc5 16. a4 Bb4 17. Rf1 Bxd2 18. Nxd2 c5 19. Nb3 Rfc8 20. f3 Bd7 21. Qe2
a5 22. g4 h6 23. Ba3 Bxa4 24. Bxc5 Rxc5 25. Nxc5 Qxc5 26. Rxa4 Qc6 27. Rfa1 Nd7
28. Rxa5 Rxa5 29. Rxa5 Nc5 30. Ra3 Qb6 31. Qa2 Qf6 32. Kg2 1-0

[Event "Club Rapid"]
[Site "Wellington Chess Club"]
[Date "2019.06.27"]
[Round "1"]
[White "Ross, Matt"]
[Black "Croad, Nicolas"]
[Result "0-1"]
[WhiteElo "1500"]
[BlackElo "2312"]

1. d4 Nf6 2. Bf4 g6 3. Nc3 d5 4. Nf3 Bg7 5. Qd2 O-O 6. h4 c5 7. dxc5 Ne4 8.
Nxe4 dxe4 9. O-O-O Qe8 10. Ng5 Qa4 11. Qd5 h6 12. Nxe4 Be6 13. Qxb7 Qxa2 14. e3
Nd7 15. Rxd7 Bxd7 16. Qxd7 Qxb2+ 17. Kd2 Rad8 18. Qxd8 Rxd8+ 19. Bd3 f5 20. Ng3
Rxd3+ 21. Kxd3 Qc3+ 22. Ke2 Qxc2+ 23. Kf3 e5 24. Ne2 exf4 25. Nxf4 g5 26. hxg5
hxg5 27. Ng6 Qxc5 28. Rd1 Qc6+ 29. Ke2 Qxg6 30. f3 a5 31. Rd8+ Kh7 32. Ra8 Qb6
33. Kf2 f4 34. Re8 a4 35. Re4 a3 36. g4 Qxe3+ 37. Kg2 Qxe4 38. fxe4 a2 39. e5
a1=Q 40. e6 Qa2+ 41. Kh3 f3 42. Kg3 Qg2# 0-1

[Event "Club Rapid"]
[Site "Wellington Chess Club"]
[Date "2019.06.27"]
[Round "1"]
[White "Van der Hoorn, Thomas"]
[Black "Jackson, Ross"]
[Result "0-1"]
[WhiteElo "1000"]
[BlackElo "1950"]

1. e4 c5 2. Nf3 d6 3. d4 cxd4 4. Nxd4 Nf6 5. Nc3 a6 6. Bc4 b5 7. Bd3 e5 8. Nf3
Be6 9. Bg5 Nbd7 10. O-O h6 11. Bh4 Be7 12. Re1 O-O 13. Qd2 Rc8 14. Ne2 Bg4 15.
Qe3 Nc5 16. Nc3 b4 17. Nd5 Nxd5 18. exd5 Bxh4 19. h3 Bxf3 20. Qxf3 Nxd3 21.
Qxd3 Qb6 22. g3 Bf6 23. Qe4 Rc5 24. Rad1 Rfc8 25. Re2 Rc4 26. Qd3 Rd4 27. Qf5
Rxd1+ 28. Kg2 Qd8 29. Qf3 Rd4 30. c3 bxc3 31. bxc3 Rdc4 32. Re3 e4 33. Rxe4
Rxe4 34. Qxe4 0-1

[Event "Club Rapid"]
[Site "Wellington Chess Club"]
[Date "2019.06.27"]
[Round "2"]
[White "Ackroyd, William"]
[Black "Aldridge, Alan"]
[Result "0-1"]
[WhiteElo "1000"]
[BlackElo "1889"]

1. e4 e5 2. Nf3 Nc6 3. Bb5 a6 4. Bxc6 dxc6 5. Nc3 Bd6 6. d4 exd4 7. Qxd4 f6 8.
e5 Be7 9. Qxd8+ Bxd8 10. Bf4 Bg4 11. Nd2 fxe5 12. Bxe5 Nf6 13. f3 Bf5 14. O-O-O
O-O 15. Nf1 Nd7 16. Bg3 Nc5 17. h4 Re8 18. Bf2 Ne6 19. Ne3 Bg6 20. Nc4 Bf6 21.
Ne2 Rad8 22. Rxd8 Rxd8 23. c3 Bd3 0-1

[Event "Club Rapid"]
[Site "Wellington Chess Club"]
[Date "2019.06.27"]
[Round "2"]
[White "Asher, Bruce"]
[Black "Ross, Matt"]
[Result "0-1"]
[WhiteElo "1181"]
[BlackElo "1500"]

1. e4 c5 2. Nf3 Nc6 3. c4 g6 4. Nc3 Bg7 5. g3 d6 6. Bg2 Nf6 7. d3 Bg4 8. O-O
Nd4 9. Be3 O-O 10. h3 Nxf3+ 11. Kh1 Bxh3 12. Qxf3 Bg4 13. Qf4 e5 14. Qg5 h6 15.
Qh4 g5 16. Qh2 Bd7 17. f4 Ng4 18. Qg1 Qb6 19. b3 exf4 20. gxf4 Bxc3 21. Rac1
Bg7 22. fxg5 d5 23. Bf4 hxg5 24. Bxg5 Bh6 25. Bxh6 Qxh6+ 26. Bh3 Qxh3+ 0-1

[Event "Club Rapid"]
[Site "Wellington Chess Club"]
[Date "2019.06.27"]
[Round "2"]
[White "Ebarle, Joshua"]
[Black "Van der Hoorn, Thomas"]
[Result "1-0"]
[WhiteElo "1000"]
[BlackElo "1000"]

1. e4 e5 2. Bc4 Nf6 3. Nc3 Bc5 4. h3 O-O 5. Nf3 d6 6. g4 Re8 7. d3 c6 8. Bg5 h6
9. Be3 Bxe3 10. fxe3 d5 11. exd5 cxd5 12. Bb3 Nc6 13. g5 hxg5 14. Nxg5 Bf5 15.
Qf3 Be6 16. O-O-O Rc8 17. Rhg1 d4 18. Nxe6 fxe6 19. exd4 exd4 20. Ne4 Nxe4 21.
Qxe4 Qd7 22. Qg6 Qf7 23. Qg4 Ne5 24. Qg3 Re7 25. Qxe5 Rd8 26. Rdf1 Qe8 27.
Bxe6+ Kh7 28. Qe4+ g6 29. Qh4+ Kg7 30. Qf6+ Kh7 31. Rxg6 Qxg6 32. Qxe7+ Qg7 33.
Bf5+ Kh6 34. Qh4# 1-0

[Event "Club Rapid"]
[Site "Wellington Chess Club"]
[Date "2019.06.27"]
[Round "2"]
[White "Winter, Ryan"]
[Black "Nijman, Brian"]
[Result "0-1"]
[WhiteElo "1835"]
[BlackElo "2099"]

1. e4 e6 2. d4 d5 3. Nc3 Bb4 4. e5 Ne7 5. Qg4 Nf5 6. a3 h5 7. Qf4 Be7 8. Nf3
Nd7 9. Nxd5 $5 g5 ( {better is} 9... Nxe5 10. Nxc7+ Qxc7 11. Nxe5 Qxc2 12. Bb5+
Kf8 13. Bd3 (13. h4 Kg8 14. Rh3 Bd8 15. Be2 Bb6 $10) 13... Qa4 14. Be3 Qe8 15.
Rc1 $14) 10. Qe4 $6 (10. Nxg5 Bxg5 11. Qxg5 Qxg5 12. Nxc7+ Kd8 13. Nxe6+ fxe6
14. Bxg5+ Kc7 $16) 10... exd5 11. Qxf5 Nc5 12. e6 Bxe6 13. Qe5 Bf6 ( {better
is} 13... f6 14. Qe3 Ne4 $15) 14. Bxg5 $1 Bxe5 15. Bxd8 Bxd4 16. Nxd4 Rxd8 17.
b4 Nd7 $6 (17... Ne4 18. f3 Nd6 19. Kf2 $14) 18. f4 (18. Nb5 Ke7 $1 19. Nxc7
Rc8 20. Nxe6 fxe6 21. Bd3 Ne5 22. O-O-O Rcf8 23. f3 (23. Rdf1 Rhg8 24. g3 Nxd3+
25. cxd3 Rf3 $10) 23... Rhg8 24. Rd2 h4 25. h3 a5 $10)  (18. h4 Ke7 19. g3 $14)
18... c5 19. bxc5 Nxc5 20. Bd3 Ke7 21. Rb1 Kf6 $10 22. O-O Rhe8 23. Rfe1 Bd7
24. Nf3 $6 (24. Kf2) 24... b6 (24... Rxe1+ 25. Rxe1 Nxd3 26. cxd3 Rc8 $15) 25.
Nd4 $6 (25. Ne5 h4 26. Kf2 $10) 25... Ba4 26. g3 Ne4 27. Re3 Nc5 28. Rbe1 Rxe3
29. Rxe3 Bd7 $6 (29... Nxd3 30. cxd3 Re8 $10) 30. Kf2 (30. Re5 Bg4 31. Kg2 Rc8
32. h3 Nxd3 33. cxd3 Bd1 34. Rxd5 Rc3 $10)  (30. Be2 Bg4 31. Bxg4 hxg4 32. Nc6
Rd7 33. Ne5 Rc7 34. Nxg4+ Kf5 35. Ne5 Ne4 36. Nf3 Kg4 37. Ne1 Kh3 $14) 30...
Bg4 $6 (30... Re8 31. Rxe8 Nxd3+ 32. Ke3 $5 Bxe8 33. Kxd3 Bd7 $10) 31. Kg2 $6 (
31. Re5 Rc8 32. h3 Bxh3 33. Rxh5 Nxd3+ 34. cxd3 Bd7 $5 35. Rxd5 Ke7 36. Ke3 $16
) 31... Rc8 $10 32. f5 $2 Bd1 (32... Nxd3 $1 33. Rxd3 Ke5 34. h3 Bxf5 35. Nxf5
Rxc2+ 36. Kf3 Kxf5 37. Rxd5+ Kg6 $17) 33. h3 $2 (33. Bb5) 33... Nxd3 34. cxd3
Rc3 $17 35. Nb5 Rc2+ 36. Kf1 Ra2 $2 (36... a6) 37. Nc3 (37. d4 $1 Bc2 38. Nc3
Ra1+ 39. Kf2 Bb3 40. Ne2 (40. Nb5 Bc4 41. Nd6 Rf1+ 42. Kg2 Rd1 43. g4 hxg4 44.
hxg4 Rxd4 45. Kg3 Rd1 46. Re8 b5 47. Nb7 d4 48. Nc5 $10) 40... Bc4 41. Nf4 Kg5
42. f6 $1 $10) 37... d4 38. Nxa2 dxe3 39. Nc3 e2+ $1 40. Ke1 (40. Nxe2
{objectively worse than the move played, but in practice possibly a better
drawing attempt} 40... Bxe2+ 41. Kxe2 Kxf5 42. h4 $1 {forced (see move 48)}
42... b5 43. Ke3 a5 44. Kd4 b4 $3 45. axb4 axb4 46. Kc4 Ke5 47. d4+ Ke4 48. g4
$1 hxg4 49. h5 Kf5 50. d5 g3 51. h6 Kg6 52. d6 g2 53. d7 g1=Q 54. d8=Q Qg4+ 55.
Kb3 Qf4 56. Qf8 Qxh6 57. Qd6+ (57. Qxb4 Qe3+ 58. Kc2 Qe2+ 59. Kc1 (59. Qd2
Qxd2+ 60. Kxd2 Kf5 61. Ke3 Kg4 62. Ke2 Kg3 63. Ke1 f5 $19) 59... Kg5 60. Qd6 f5
61. Qg3+ Qg4 $19) 57... Kg7 58. Qg3+ Qg6 59. Qe5+ Qf6 60. Qg3+ Kh6 $19) 40...
Kxf5 41. Nb5 a6 (41... a5 42. Nd6+ Ke6 43. Nc4 $10) 42. Nc7 (42. Nd6+ $1
{amazingly, this draws with perfect play} 42... Ke6 (42... Kf6 43. Ne8+ Kg6 44.
d4 a5 45. Nd6 $10) 43. Ne8 $1 a5 44. Ng7+ Kd6 (44... Ke5 $2 45. Nxh5 b5 46. Nf4
b4 47. axb4 a4 48. b5 a3 49. b6 Kd6 50. Nd5 a2 51. b7 a1=Q 52. b8=Q+ Kxd5 53.
Qb7+ $10 {White cannot escape the checks} ) 45. Nxh5 b5 46. Nf6 $1 Ke5 {only
winning try}  (46... b4 47. axb4 axb4 48. Ne4+ $10) 47. Ne4 Kd4 48. Nd6 $1 b4
49. axb4 axb4 50. Kd2 b3 (50... e1=Q+ $5 51. Kxe1 Bc2 52. Nxf7 b3 53. Ng5 $3 b2
54. Nf3+ Kxd3 55. Nd2 Kd4 56. Ke2 $10)  (50... Bc2 51. Nf5+ Ke5 52. Nh4 $1
e1=Q+ 53. Kxe1 Bxd3 54. Nf3+ $1 Ke4 55. Ng5+ $1 Ke3 56. Kd1 f6 57. Ne6 $1 Bc4
58. Nf4 $10) 51. Nc4 Bc2 52. Nb2 e1=Q+ 53. Kxe1 Kc3 54. Na4+ Kxd3 (54... Kb4
55. Nb2 Ka3 56. Nc4+) 55. h4 Ke3 56. h5 Kf3 57. h6 $10) 42... a5 43. Nd5 b5 44.
Ne7+ Ke6 45. Nc6 Kd6 $1 (45... a4 $4 46. Nd4+ $10) 46. Nd4 (46. Nxa5 Kc7 {traps
the knight} ) 46... Kc5 47. Nf3 f6 48. Nd2 Kd4 49. g4 hxg4 50. hxg4 Kxd3 51.
Nf3 b4 52. axb4 axb4 53. Nd2 Bc2 54. g5 fxg5 55. Nf3 b3 0-1

[Event "Club Rapid"]
[Site "Wellington Chess Club"]
[Date "2019.07.04"]
[Round "3"]
[White "Aldridge, Alan"]
[Black "Stöveken, Peter"]
[Result "1-0"]
[WhiteElo "1889"]
[BlackElo "1786"]

1. e4 e6 2. d4 d5 3. exd5 exd5 4. Nf3 Bg4 5. h3 Bh5 6. Bd3 Nc6 7. c3 Qf6 8.
Nbd2 Bd6 9. O-O Nge7 10. Qc2 O-O 11. Bxh7+ Kh8 12. Bd3 Ng6 13. Bxg6 Bxg6 14.
Qb3 Rad8 15. Qxb7 Rfe8 16. Nh2 Bd3 17. Ng4 Qg6 18. g3 Rb8 19. Qxc6 Bxf1 20.
Kxf1 Re6 21. Qxd5 Rbe8 22. Nf3 Qd3+ 23. Kg2 c6 24. Qh5+ Kg8 25. Ng5 Re2 26.
Qxf7+ Kh8 27. Be3 Rf8 28. Ne5 Rxf7 29. Ngxf7+ Kg8 30. Nxd3 1-0

[Event "Club Rapid"]
[Site "Wellington Chess Club"]
[Date "2019.07.04"]
[Round "3"]
[White "Brockway, Andrew"]
[Black "Ackroyd, William"]
[Result "1-0"]
[WhiteElo "1658"]
[BlackElo "1000"]

1. e4 c5 2. Nc3 a6 3. f4 d6 4. g3 Nf6 5. Nf3 Nc6 6. Bg2 g6 7. d3 Bg7 8. O-O Bg4
9. h3 Bxf3 10. Qxf3 Nd4 11. Qd1 Qb6 12. e5 dxe5 13. fxe5 Nd7 14. Nd5 Qd8 15. c3
Nb5 16. d4 Nc7 17. Nxc7+ Qxc7 18. Qf3 O-O 19. Qxb7 Qxb7 20. Bxb7 Ra7 21. Bg2
cxd4 22. cxd4 e6 23. Bd2 Rc8 24. Rac1 Rac7 25. Rxc7 Rxc7 26. Rc1 Rxc1+ 27. Bxc1
Kf8 28. Kf2 Ke8 29. Bc6 Kd8 30. Bxd7 Kxd7 31. Ke2 Kc6 32. Kd3 Bf8 33. Kc4 Be7
34. Bd2 Bd8 35. h4 h5 36. b3 Kb6 37. d5 1-0

[Event "Club Rapid"]
[Site "Wellington Chess Club"]
[Date "2019.07.04"]
[Round "3"]
[White "Laking, Robert"]
[Black "Sripathy, Boopathy"]
[Result "1/2-1/2"]
[WhiteElo "1587"]
[BlackElo "1000"]

1. d4 d5 2. c4 e6 3. Nf3 Nf6 4. Nc3 c5 5. e3 Nc6 6. Be2 h6 7. O-O Be7 8. dxc5
Bxc5 9. cxd5 Nxd5 10. Ne4 Bb6 11. Bb5 O-O 12. Bxc6 bxc6 13. Qc2 Ba6 14. Rd1 Qc7
15. Nc5 Bxc5 16. Qxc5 Be2 17. Rd4 Bxf3 18. gxf3 Rab8 19. Ra4 Rb7 20. b3 Rfb8
21. Bb2 e5 22. Rc1 Nb4 23. Qxe5 Qxe5 24. Bxe5 Re8 25. Bd4 a6 26. a3 Nd3 27.
Rxc6 Rxb3 28. Rcxa6 Ne1 29. f4 Nf3+ 30. Kg2 Nxd4 31. Rxd4 Rb2 32. Kf3 Rc8 33.
Rad6 Rcc2 34. a4 Rxf2+ 35. Ke4 Rb3 36. a5 Ra2 37. Rb6 Rba3 38. Rb7 Rxa5 39.
Rd8+ Kh7 40. Rxf7 Rxh2 41. Kf3 Rh3+ 42. Ke4 Ra4+ 43. Rd4 Rxd4+ 44. exd4 Kg6 45.
Rc7 Kf6 46. Rc6+ Ke7 47. Rg6 Kf7 48. Rg2 h5 1/2-1/2

[Event "Club Rapid"]
[Site "Wellington Chess Club"]
[Date "2019.07.04"]
[Round "3"]
[White "Mullan, Brett"]
[Black "Cooke, Xandi"]
[Result "1-0"]
[WhiteElo "1742"]
[BlackElo "1100"]

1. e4 c5 2. c3 d6 3. d4 cxd4 4. cxd4 Nf6 5. Nc3 g6 6. h3 Bg7 7. Be3 O-O 8. Nf3
Nc6 9. a3 Bd7 10. Be2 Qc7 11. O-O a6 12. Rc1 Rac8 13. Nd5 Qa5 14. Bd2 Qd8 15.
Nc3 Qb6 16. d5 Ne5 17. Nxe5 dxe5 18. b4 Qd4 19. Be3 Qxd1 20. Rfxd1 Rc7 21. Bb6
Rcc8 22. Bd3 Bh6 23. Rc2 e6 24. d6 Rc6 25. Bc5 Ra8 26. Na4 b5 27. Nb6 Rb8 28.
a4 Rbxb6 29. Bxb6 Rxb6 30. axb5 axb5 31. f3 Rxd6 32. Rc7 {I think the game must
have carried on. White won} 1-0